| 000 | 00993cab a2200253 4500 | ||
|---|---|---|---|
| 001 | ABS59876 | ||
| 008 | 090401t1999 xxu||||| |||| 00| 0 eng d | ||
| 035 | _a(Sirsi) u90928 | ||
| 041 | _aeng | ||
| 100 | _aLewison, K. | ||
| 245 | 4 | _aThe expert`s view: a matter of opinion | |
| 260 | _c1999 | ||
| 350 | _a0 | ||
| 490 |
_aProperty Week _v64(3) 22 January 1999, 40(1) |
||
| 520 | _aDiscusses two recent Court of Appeal decisions, "National Grid v M25 Group" and Morgan Sindall v Sawston Farms (Cambs) in which experts were appointed to determine various questions. Looks at problems which may occur when the expert makes a mistake. | ||
| 650 | _aALTERNATIVE DISPUTE RESOLUTION | ||
| 650 | _aEXPERTS | ||
| 650 | _aMORGAN SINDALL V SAWSTON FARMS (CAMBS) | ||
| 650 | _aNATIONAL GRID V M25 GROUP | ||
| 650 | _aPROPERTY DISPUTES | ||
| 690 | _aMANAGEMENT-DISPUTE AVOIDANCE, MANAGEMENT AND RESOLUTION-DISPUTE MANAGEMENT AND RESOLUTION-ARBITRATION | ||
| 942 | _n0 | ||
| 948 | _c26/01/1999 | ||
| 999 |
_c57688 _d57688 |
||